Guía del estudiante 1989 /

Guardado en:
Formato: Libro
Publicado: Buenos Aires : Eudeba, 1988
Materias:
Etiquetas: Agregar Etiqueta
Sin Etiquetas, Sea el primero en etiquetar este registro!
LEADER 00469nam a22001695a 4500
001 CEM.cems000065
005 20060209000000.0
008 130507s1988##################000#0#####d
003 CEMS
082 0 4 |a 378.982 
245 0 0 |a Guía del estudiante 1989 / 
260 |a Buenos Aires :  |b Eudeba,  |c 1988 
300 |a 476 
653 |a Educacion 
653 |a Guia del estudiante 
653 |a Orientacion profesional 
859 |a CEMS  |b BIB. CEMS - 11 de abril  |h 378.982  |i G94/1989  |p 15362.89  |t Ej.1